[Event "Madrid-ch Seniors"]
[Site "Madrid"]
[Date "2011.02.15"]
[Round "7"]
[White "Camarero Izquierdo, Juan Carlos"]
[Black "Lastras Hernandez, Tomas"]
[Result "1-0"]
[WhiteElo "1939"]
[BlackElo "1881"]
[PlyCount "74"]
[EventDate "2011.02.07"]
[EventType "swiss"]
[EventRounds "9"]
[EventCountry "ESP"]
[SourceTitle "CBM 140 Extra"]
[Source "ChessBase"]
[SourceDate "2011.03.01"]
[SourceVersion "1"]
[SourceVersionDate "2011.03.01"]
[SourceQuality "1"]

1. e4 c5 2. Nf3 Nc6 3. d4 cxd4 4. Nxd4 Nf6 5. Nc3 a6 6. Be3 d6 7. f3 g6 8. Qd2 Bg7 9. 0-0-0 0-0 10. h4 Bd7 11. g4 h5 12. gxh5 Nxh5 13. Bh3 Bxh3 14. Rxh3 Qd7 15. Rhh1 Ne5 16. Nd5 Nc4 17. Qe2 Nxe3 18. Qxe3 Kh7 19. Kb1 Qd8 20. f4 Bh6 21. Nf3 f6 22. Nd4 Rg8 23. Ne6 Qd7 24. Qh3 Rgd8 25. f5 Ng7 26. Qg4 gxf5 27. exf5 Qe8 28. Nec7 Qf7 29. Nxa8 Rxa8 30. h5 Ne6 31. fxe6 Qg7 32. Qf5+ Kh8 33. Rhg1 Bg5 34. h6 Qh7 35. Qf3 Rb8 36. Qc3 Qf5 37. Qc7 Re8 1-0

[Event "Tenerife op 21st"]
[Site "Tenerife"]
[Date "2010.12.21"]
[Round "4"]
[White "Lastras Hernandez, Tomas"]
[Black "Kraus, Oliver"]
[Result "0-1"]
[WhiteElo "1881"]
[BlackElo "2069"]
[PlyCount "184"]
[EventDate "2010.12.16"]
[EventType "swiss"]
[EventRounds "9"]
[EventCountry "ESP"]
[SourceTitle "CBM 140 Extra"]
[Source "ChessBase"]
[SourceDate "2011.03.01"]
[SourceVersion "1"]
[SourceVersionDate "2011.03.01"]
[SourceQuality "1"]

1. e4 c5 2. Nf3 e6 3. Nc3 a6 4. d4 cxd4 5. Nxd4 b5 6. Bd3 Qb6 7. Nf3 Qc7 8. Be3 Nc6 9. a3 Bb7 10. 0-0 Nf6 11. h3 Be7 12. Qe2 d6 13. Rfd1 0-0 14. Nd4 Rac8 15. f4 Na5 16. Nf3 Nc4 17. Bxc4 Qxc4 18. Qxc4 Rxc4 19. e5 Nd5 20. Nxd5 Bxd5 21. c3 f6 22. Nd2 Rc6 23. Bd4 fxe5 24. fxe5 dxe5 25. Bxe5 Bc5+ 26. Kh1 Rf2 27. Nf3 Rc8 28. Rd2 Bxf3 29. Rxf2 Bxf2 30. gxf3 Rd8 31. Bf4 Bh4 32. Kg2 Bf6 33. Kf2 Rd5 34. a4 b4 35. cxb4 Rd4 36. Be3 Rxb4 37. Ra2 Kf7 38. f4 Bxb2 39. Ke2 Bd4 40. Bd2 Rb3 41. Rc2 Rxh3 42. Rc6 Ra3 43. Rxa6 h5 44. a5 h4 45. Rd6 Bc3 46. Rd3 Rxa5 47. Bxc3 Rh5 48. Rd7+ Kg6 49. Rxg7+ Kf5 50. Rf7+ Ke4 51. Be1 h3 52. Bg3 h2 53. Bxh2 Rxh2+ 54. Kf1 Rh4 55. Ra7 Rxf4+ 56. Ke2 e5 57. Ra3 Kf5 58. Ra5 Rb4 59. Kf3 Rb3+ 60. Ke2 Kf4 61. Ra2 e4 62. Rc2 Rh3 63. Rc7 Rh2+ 64. Kf1 Ke3 65. Rc3+ Kd2 66. Ra3 Rh5 67. Ra2+ Ke3 68. Ra3+ Kf4 69. Kg2 Rd5 70. Kf2 Rd2+ 71. Ke1 Rb2 72. Ra7 Kf3 73. Rf7+ Ke3 74. Kf1 Rb1+ 75. Kg2 Ke2 76. Rf2+ Kd3 77. Ra2 Rc1 78. Ra3+ Rc3 79. Ra1 Rc2+ 80. Kf1 Kd2 81. Re1 Kd3 82. Rd1+ Ke3 83. Rd6 Rc1+ 84. Kg2 Ke2 85. Kg3 Rg1+ 86. Kf4 e3 87. Ke4 Rg4+ 88. Kf5 Rc4 89. Kg5 Ke1 90. Kh5 e2 91. Kg5 Kf2 92. Rf6+ Ke3 0-1

[Event "Tenerife op 21st"]
[Site "Tenerife"]
[Date "2010.12.20"]
[Round "3"]
[White "Dos Reis Cabrera, Jose Manuel"]
[Black "Lastras Hernandez, Tomas"]
[Result "0-1"]
[WhiteElo "1360"]
[BlackElo "1881"]
[PlyCount "66"]
[EventDate "2010.12.16"]
[EventType "swiss"]
[EventRounds "9"]
[EventCountry "ESP"]
[SourceTitle "CBM 140 Extra"]
[Source "ChessBase"]
[SourceDate "2011.03.01"]
[SourceVersion "1"]
[SourceVersionDate "2011.03.01"]
[SourceQuality "1"]

1. e4 c5 2. c3 d6 3. d4 cxd4 4. cxd4 Nf6 5. Nc3 g6 6. Bf4 Bg7 7. Be2 0-0 8. Nf3 a6 9. 0-0 Nbd7 10. Re1 b5 11. b4 Bb7 12. Bd3 Rc8 13. Rc1 Nh5 14. Qd2 Nxf4 15. Qxf4 e5 16. dxe5 Nxe5 17. Nxe5 Bxe5 18. Qd2 Qf6 19. Nd5 Bxd5 20. Rxc8 Rxc8 21. Rc1 Bc4 22. Qe2 Qe6 23. Qc2 Qd7 24. Bf1 Bf4 25. Rd1 Bxf1 26. Qb1 Bc4 27. g3 Be5 28. f4 Bg7 29. e5 Qa7+ 30. Kg2 dxe5 31. f5 Qb7+ 32. Kh3 gxf5 33. Rd2 Be6 0-1

[Event "ESP-ch Veterans"]
[Site "Madrid"]
[Date "2010.02.17"]
[Round "8"]
[White "Ortega Morales, Pedro"]
[Black "Lastras Hernandez, Tomas"]
[Result "1-0"]
[WhiteElo "1791"]
[BlackElo "1885"]
[PlyCount "121"]
[EventDate "2010.02.08"]
[EventType "swiss"]
[EventRounds "9"]
[EventCountry "ESP"]
[SourceTitle "CBM 134 Extra"]
[Source "ChessBase"]
[SourceDate "2010.03.03"]
[SourceVersion "1"]
[SourceVersionDate "2010.03.03"]
[SourceQuality "1"]

1. d4 Nf6 2. Bf4 d5 3. e3 e6 4. Nf3 Nc6 5. c3 Bd6 6. Ne5 a6 7. Nd2 Nd7 8. Ndf3 Ncxe5 9. Nxe5 Nxe5 10. dxe5 Be7 11. Qg4 g5 12. Bg3 h5 13. Qf3 h4 14. Bxh4 Rxh4 15. g3 Rh8 16. 0-0-0 c6 17. Qg4 Qc7 18. f4 gxf4 19. exf4 b5 20. Qg7 Rf8 21. h4 Bb7 22. h5 0-0-0 23. Qg4 Bc5 24. Qf3 d4 25. h6 Bb6 26. Qe2 c5 27. Rh4 Bd5 28. Kb1 Qc6 29. Rc1 d3 30. Qd2 c4 31. Bh3 Rh8 32. g4 Be4 33. Ka1 Bc5 34. Re1 Be7 35. g5 Bg6 36. Bg2 Qb6 37. Rhh1 Kc7 38. Rhf1 a5 39. Bh3 Bf5 40. Bg2 Rb8 41. Be4 b4 42. Bxf5 exf5 43. Rc1 Kd7 44. Qg2 Rbc8 45. Qd5+ Ke8 46. cxb4 Qxb4 47. e6 fxe6 48. Qxe6 Qc5 49. Qg6+ Kd7 50. Rfd1 Qd5 51. Qg7 Qe6 52. Qd4+ Qd6 53. Rxc4 Rxc4 54. Qxc4 Rc8 55. Qb5+ Qc6 56. Qxd3+ Ke8 57. Qe3 Qc2 58. Re1 Qe4 59. Qxe4 fxe4 60. a3 Kf7 61. Rxe4 1-0

[Event "ESP-ch Veterans"]
[Site "Madrid"]
[Date "2010.02.12"]
[Round "5"]
[White "Lastras Hernandez, Tomas"]
[Black "Diaz Begonte, Manuel"]
[Result "1-0"]
[WhiteElo "1885"]
[BlackElo "1820"]
[PlyCount "83"]
[EventDate "2010.02.08"]
[EventType "swiss"]
[EventRounds "9"]
[EventCountry "ESP"]
[SourceTitle "CBM 134 Extra"]
[Source "ChessBase"]
[SourceDate "2010.03.03"]
[SourceVersion "1"]
[SourceVersionDate "2010.03.03"]
[SourceQuality "1"]

1. d4 d5 2. c4 c6 3. Nc3 dxc4 4. a4 Nf6 5. e3 Bf5 6. Bxc4 e6 7. Nf3 Be7 8. 0-0 0-0 9. h3 Nbd7 10. Re1 Bb4 11. Bd2 Bxc3 12. bxc3 Ne4 13. Bb3 Qf6 14. c4 Nxd2 15. Nxd2 Qg6 16. Qf3 Bc2 17. e4 Bxb3 18. Nxb3 Nf6 19. Rad1 Rfd8 20. e5 Nd7 21. Na5 Rab8 22. Rb1 Nb6 23. Red1 Rxd4 24. Rxd4 Qxb1+ 25. Rd1 Qb4 26. Nxb7 Nxc4 27. Qxc6 g6 28. Nd8 Nxe5 29. Qc7 Qb6 30. Qe7 Rc8 31. Kh2 Qc7 32. Qe8+ Kg7 33. f4 Nc6 34. Nxe6+ fxe6 35. Rd7+ Kh6 36. Qf7 Qxd7 37. Qxd7 Rf8 38. Qxc6 Rxf4 39. Qc1 g5 40. Qc6 Rf6 41. Qa6 Kg6 42. Qxa7 1-0

[Event "Madrid-ch Seniors"]
[Site "Madrid"]
[Date "2008.02.12"]
[Round "6"]
[White "Lastras Hernandez, Tomas"]
[Black "Fernandez Garcia, Ignacio"]
[Result "1/2-1/2"]
[WhiteElo "1948"]
[BlackElo "1992"]
[PlyCount "122"]
[EventDate "2008.02.05"]
[EventType "swiss"]
[EventRounds "7"]
[EventCountry "ESP"]
[SourceTitle "EXT 2010"]
[Source "ChessBase"]
[SourceDate "2010.11.25"]
[SourceVersion "1"]
[SourceVersionDate "2010.11.25"]
[SourceQuality "1"]

1. e4 e6 2. d4 d5 3. Nc3 Nf6 4. e5 Nfd7 5. Nf3 c5 6. Be3 cxd4 7. Bxd4 Nc6 8. Be2 Nxd4 9. Qxd4 a6 10. 0-0 Qc7 11. Bd3 Qc5 12. Qxc5 Nxc5 13. a3 Bd7 14. Nd4 Be7 15. f4 Nxd3 16. cxd3 Bc5 17. Nce2 Bb5 18. Rfd1 0-0 19. Kf1 Bd7 20. Rac1 Rac8 21. b4 Be7 22. Kf2 f6 23. Nf3 Kf7 24. g4 Bb5 25. Ke3 a5 26. Ned4 Ba4 27. Rxc8 Rxc8 28. Rb1 axb4 29. axb4 b5 30. f5 exf5 31. e6+ Kf8 32. gxf5 g6 33. Nh4 g5 34. Ng2 Bd6 35. h4 h6 36. hxg5 hxg5 37. Rh1 Kg7 38. Rb1 Rc7 39. Kd2 Be5 40. Ke3 Bd6 41. Rb2 Rc1 42. Kd2 Rd1+ 43. Ke3 Rc1 44. Ne2 Rf1 45. Nd4 Be5 46. Re2 Kf8 47. Re1 Bxd4+ 48. Kxd4 Rxf5 49. e7+ Ke8 50. Re6 Bd1 51. Ne3 Rf4+ 52. Kc5 Bb3 53. Kxb5 d4 54. Nc4 Bxc4+ 55. Kxc4 g4 56. b5 Rf1 57. b6 g3 58. Re2 Rb1 59. Kc5 f5 60. Kxd4 Rxb6 61. Ke5 Rb3 1/2-1/2

[Event "Benidorm op U2000 06th"]
[Site "Benidorm"]
[Date "2007.??.??"]
[Round "2"]
[White "Marcos Robles, Juan Antonio"]
[Black "Lastras Hernandez, Tomas"]
[Result "1-0"]
[WhiteElo "1850"]
[BlackElo "1960"]
[PlyCount "79"]
[EventDate "2007.11.??"]
[EventType "swiss"]
[EventRounds "9"]
[EventCountry "ESP"]
[SourceTitle "EXT 2010"]
[Source "ChessBase"]
[SourceDate "2010.11.25"]
[SourceVersion "1"]
[SourceVersionDate "2010.11.25"]
[SourceQuality "1"]

1. e4 c5 2. Nf3 Nc6 3. d4 cxd4 4. Nxd4 d6 5. Be3 Nf6 6. Bb5 Qc7 7. Nc3 e6 8. 0-0 Be7 9. Bd3 a6 10. Nxc6 bxc6 11. f4 0-0 12. Qe2 Bb7 13. b3 c5 14. Rf3 d5 15. e5 Ne4 16. Bxe4 dxe4 17. Rh3 f5 18. Qh5 h6 19. Qg6 c4 20. Qxe6+ Kh7 21. Rg3 Bb4 22. Na4 cxb3 23. cxb3 Ba3 24. Nb6 Rad8 25. Nc4 Bc5 26. Bxc5 Qxc5+ 27. Kh1 Qc6 28. Nd6 Qd7 29. Qg6+ Kh8 30. h3 Bd5 31. Rd1 Bg8 32. Kh2 Bh7 33. Nf7+ Rxf7 34. Rxd7 Rfxd7 35. Qxa6 Rd3 36. e6 Rxg3 37. Kxg3 Bg6 38. e7 Rd3+ 39. Kh2 Kh7 40. Qxg6+ 1-0

[Event "Calvia Seniors op"]
[Site "Calvia"]
[Date "2006.10.24"]
[Round "5"]
[White "Lastras Hernandez, Tomas"]
[Black "Diaz Begonte, Manuel"]
[Result "0-1"]
[WhiteElo "1986"]
[BlackElo "1897"]
[PlyCount "118"]
[EventDate "2006.10.20"]
[EventType "swiss"]
[EventRounds "9"]
[EventCountry "ESP"]
[SourceTitle "EXT 2007"]
[Source "ChessBase"]
[SourceDate "2006.11.23"]
[SourceVersion "1"]
[SourceVersionDate "2006.11.23"]
[SourceQuality "1"]

1. d4 d6 2. c4 g6 3. Nc3 Bg7 4. Nf3 e6 5. e4 Ne7 6. Be2 0-0 7. 0-0 c5 8. Be3 b6 9. Qd2 Nbc6 10. d5 exd5 11. exd5 Ne5 12. Nxe5 Bxe5 13. Bf4 Bxf4 14. Qxf4 Nf5 15. Bd3 Qh4 16. Qxh4 Nxh4 17. Rfe1 Bf5 18. Bxf5 Nxf5 19. g4 Nd4 20. Re7 Rfe8 21. Re4 f5 22. gxf5 gxf5 23. Rf4 Re5 24. a4 Kf7 25. Kf1 a6 26. Rb1 Kg6 27. Rh4 Nf3 28. Rh3 Nd2+ 29. Kg2 Nxb1 30. Nxb1 Re4 31. Na3 Rg4+ 32. Kf1 Re8 33. Rb3 Rb8 34. f3 Rh4 35. Kg2 Kf6 36. Kg3 Rd4 37. f4 Re4 38. a5 b5 39. cxb5 axb5 40. Rxb5 Rxb5 41. Nxb5 Ke7 42. a6 Ra4 43. a7 Kd7 44. b3 Ra2 45. h3 Kc8 46. Kh4 Kb7 47. Nxd6+ Kxa7 48. Nxf5 Ra3 49. Kg5 Rxb3 50. h4 c4 51. Kf6 Rd3 52. Nd6 c3 53. Nb5+ Kb6 54. Nxc3 Rxc3 55. Ke6 Kc7 56. f5 Re3+ 57. Kf7 Rh3 58. f6 Rxh4 59. Kg7 Rf4 0-1